Famous Black People to Country - Statistics

General Stats
  • This quiz has been taken 40 times
  • The average score is 11 of 16
Answer Stats
Picture Hint Answer % Correct
Barack Obama United States
97%
Pelé Brazil
90%
Bob Marley Jamaica
90%
Drake Canada
87%
Kylian Mbappé France
87%
Lewis Hamilton United Kingdom
87%
Giannis Antetokounmpo Greece
79%
Rihanna Barbados
72%
Toussaint Louverture Haiti
64%
Hugo Chávez Venezuela
54%
David Ortiz Dominican Republic
51%
Vicente Guerrero Mexico
46%
Nicki Minaj Trinidad and Tobago
46%
Stromae Belgium
38%
Bilal ibn Rabah Saudi Arabia
36%
Celia Cruz Cuba
28%
No matching quizzes found
Score Distribution
Percent of People with Each Score
Percentile by Number Answered
Your Score History
You have not taken this quiz